Quiz sulla Juventus - Statistics

Statistiche generali
  • Questo quiz è stato fatto 2.468 volte
    2.467 dall'ultimo reset
  • Il punteggio medio è 10 su 24
Statistiche sulle risposte
INDIZI RISPOSTE % Corretto
Numero scudetti vinti 36
96%
E' la squadra d'Italia ad aver conquistato più _____ Scudetti
92%
Capocannoniere Juventus Del Piero
90%
Anno fondazione 1897
86%
Nome completo dello stadio della Juventus Allianz Stadium
84%
Acquisto più costoso della Juventus Cristiano Ronaldo
78%
Allenatore con la percentuale di vittorie più alta Massimiliano Allegri
75%
Chi è il giocatore cresciuto alla Juventus, che poi si è trasferito al Milan, e dopo nemmeno una stagione è tornato alla Juve per 35 milioni Bonucci
64%
Giocatore con più minuti giocati che gioca ancora oggi Bonucci
44%
Colori della terza maglia Blu
38%
Bremer
34%
Szczesny
34%
Danilo
28%
La Juventus ha vinto 111 _____ Derby
28%
Vlahovic
27%
Alex Sandro
20%
Locatelli
20%
Rabiot
18%
Chiesa
17%
Kostic
16%
Milik
15%
Rosa
15%
McKennie
12%
Primo capitano della Juventus Carlo Bigatto
10%
Nessun quiz corrispondente trovato
Distribuzione punteggi
Percentuale di utenti per punteggio
Percentile per numero di risposta
I tuoi punteggi nel tempo
Non hai fatto questo quiz dall'ultimo reset